01340nam a2200157 a 450000100100000000500170001000800410002704000250006808200160009324500320010926000460014130000400018750508690022765000420109670000440113800003894120201002031429.0130507s1951 xxuabc e 000 0 eng d aDO-SdBNPbengcBNPHU aR 031bE56a04aThe encyclopedia americana. aNew York :bAmericana Corporation,c1951. a30 v. :bil., map., retr. ;c25 cm.0 gv. 1tA to Annualsgv. 2tAnnuity to Azzubeydigv. 3tB to Bird´s Footgv. 4tBirds of paradise to bulfinchgv. 5tBurgaria to castanosgv. 6tCaste to Civil Lawgv. 7tCivil list to Coroniumgv. 8tCorot to Deserontogv. 9tDesert to Egretgv. 10tEgusuiza to Falsettogv. 11tFalstaff to Franckengv. 12tFranco to Goethalsgv. 13tGoethe to Hawgv. 14tHawaii to Indexgv. 15tIndia to Jeffersgv. 16tJefferson, Charles E. to Latingv. 17tLatin america to Lyttongv. 18tM to Mexicogv. 19tMeyer to Naval Rankgv. 20tNaval Reserve to Orleansgv. 21tOrley to Photographic Apparatusgv. 22tPhotography to Pumpkingv. 23tPums to Russellvillegv. 24tRussia to Siliusgv. 25tSilk, Artificial to Sulphovinic Acidgv. 26tSulphur to Tramways, Aerialgv. 27tTrance to Venial Singv. 28tVenice to Wasmann, Erichgv. 29tWasps to Zymotic Diseasegv. 30tIndex 4aEnciclopedias y diccionarios ingleses12aMcDannald, Alexander Hopkinsd1877eed.